| 000 | 00413nam a2200181Ia 4500 | ||
|---|---|---|---|
| 001 | 15358 | ||
| 005 | 20260306170150.0 | ||
| 008 | 260306t1966||||xx |||||||||||||| ||und|| | ||
| 041 | _aESP | ||
| 082 |
_a532.05 _bD214 |
||
| 100 |
_aDaily, James W. _eAUT |
||
| 245 | 0 | _aFluid dynamics | |
| 260 | _c1966 | ||
| 300 |
_aix, 454 páginas : _c24 cm. |
||
| 650 | _aGEN | ||
| 654 | _aCCN | ||
| 942 |
_cLIB _dJUS _fJUS _2ddc _n |
||
| 999 |
_c15358 _d15358 |
||